Himalaya Engineering Entrance Examination (Record no. 796230)

MARC details
000 -LEADER
fixed length control field 00604nam a2200217Ia 4500
008 - FIXED-LENGTH DATA ELEMENTS--GENERAL INFORMATION
fixed length control field 101110s9999 xx 000 0 und d
041 ## - LANGUAGE CODE
Language code of text/sound track or separate title ENGLISH
082 ## - DEWEY DECIMAL CLASSIFICATION NUMBER
Item number JR5435
100 ## - MAIN ENTRY--PERSONAL NAME
Personal name Dharmadhikari M.T. & Waghale A.Y. & Others
245 ## - TITLE STATEMENT
Title Himalaya Engineering Entrance Examination
260 ## - PUBLICATION, DISTRIBUTION, ETC. (IMPRINT)
Date of publication, distribution, etc 2006
Name of publisher, distributor, etc Himalaya Publication House, Mumbai
300 ## - PHYSICAL DESCRIPTION
Extent 393
365 ## - TRADE PRICE
Price amount 790
520 ## - SUMMARY, ETC.
Summary, etc Physics
546 ## - LANGUAGE NOTE
Language note ENGLISH
630 ## - SUBJECT ADDED ENTRY--UNIFORM TITLE
Uniform title Himalaya Engineering Entrance Examination
650 ## - SUBJECT ADDED ENTRY--TOPICAL TERM
Topical term or geographic name as entry element Physics
655 ## - INDEX TERM--GENRE/FORM
Genre/form data or focus term Physics
730 ## - ADDED ENTRY--UNIFORM TITLE
Uniform title Himalaya Engineering Entrance Examination
942 ## - ADDED ENTRY ELEMENTS (KOHA)
Koha item type Book
Holdings
Withdrawn status Lost status Damaged status Not for loan Home library Current library Date acquired Source of acquisition Cost, normal purchase price Shelving control number Total Checkouts Barcode Date last seen Price effective from Koha item type
        D. B. J. College, Chiplun D. B. J. College, Chiplun   Himalaya Publication House, Mumbai, invocie no. 2320, dt.22/03/07 790.00     DBJJR5435 11/11/2010 11/11/2010 Book